| 000 | 00385nam a22001337a 4500 | ||
|---|---|---|---|
| 020 | _qPB. | ||
| 040 | _cFIZZA ISHAQ | ||
| 082 |
_a372.623 _bPAT |
||
| 100 |
_aSEBRANEK,PATRIC. _9132708 |
||
| 245 |
_aWRITE SOURCE 2000 A GUIDE TO WRITING,THINKING,AND LEARNING / _cPATRICK SEBRANKE. |
||
| 260 |
_aNEW YORK; _bHOUGHTON MIFFLIN, _c372.623 |
||
| 300 |
_a542 P. ; _c9.1X6.3IN |
||
| 942 |
_2ddc _cBK |
||
| 999 |
_c615770 _d615770 |
||